000
00291nam a2200109Ia 4500
008
220204s9999 xx 000 0 und d
082
_a
581.9(548)
_b
FYS
100
_a
Fyson, P F
245
0
_a
Flora of the S. India hill stations. 2 V
260
_a
Delhi
_b
Today and tomorrow
_c
1977
942
_c
BK
999
_c
36072
_d
36072